00738nam a2200205 i 450000100060000000300090000600500170001500700030003200800410003513000320007624501310010826000490023930000220028849000560031070000240036670000260039071000290041683000560044585200310050133566ES-MaACL20230929062525.0t|030202s1970 sp ||||1| spa d0 aBiblia. pN.T. lEspañol.10aNuevo Testamento b: versión castellana de hacia 1260 / c[edición y estudio de Thomas Montgomery y Spuergeon W. Baldwin]. aMadrid : bReal Academia Española, c1970. a657 p. ; c25 cm.1 aAnejos del Boletín de la Real Academia Española1 aMontgomery, Thomas.1 aBaldwin, Spuergeon W.2 aReal Academia Española0 aAnejos del Boletín de la Real Academia Española aES-MaACLjE-6604 bR.90834